| 000 | 00459nam a2200157Ia 4500 | ||
|---|---|---|---|
| 008 | 230312s9999||||xx |||||||||||||| ||und|| | ||
| 020 | _a81-317-0319-3 | ||
| 082 |
_a658.4038 _bJES-I |
||
| 100 | _aJessup Leonard | ||
| 245 | 0 | _aInformation Systems Today | |
| 260 |
_bPearson Education _aNew Delhi _c2006 |
||
| 300 | _a441 | ||
| 546 | _aEng. | ||
| 650 |
_aManagement _vWhy Information systems matter ? Global Internet Pie , Disaster Plans fond Lacki |
||
| 942 | _cBK | ||
| 999 |
_c490 _d490 |
||